OS/JSEP body opakování - příručka programátora

Gespeichert in:
Bibliographische Detailangaben
Format: Buch
Sprache:Tschechisch
Veröffentlicht: Praha ÚVT Tesla 1977
Tags: Tag hinzufügen
Keine Tags, Fügen Sie das erste Tag hinzu!

MARC

LEADER 00000nam a2200000 4500
001 0221811
005 20240822101659.1
041 0 |a cze 
044 |a CZ 
245 1 0 |a OS/JSEP  |b body opakování - příručka programátora 
264 1 |a Praha  |b ÚVT Tesla  |c 1977 
300 |a 90 s.